| 000 | 00413 a2200145 4500 | ||
|---|---|---|---|
| 020 | _a9781111221751 | ||
| 020 | _a1111221758 | ||
| 040 |
_aDLC _bDLC |
||
| 100 | 1 | _aSchwalbe, Kathy. | |
| 245 | 1 | 0 |
_aInformation technology project management _cKathy Schwalbe. |
| 250 | _a6th | ||
| 260 |
_aBoston, MA : _bCourse Technology, _c2010. |
||
| 300 |
_axxv, 490 p. : _bill. ; _c24 cm + _e1 CD ROM |
||
| 942 |
_cBK _k658.404 SCH _2ddc |
||
| 999 |
_c10317 _d10317 |
||